| 000 | 00511nam a2200217Ia 4500 | ||
|---|---|---|---|
| 005 | 20250425162644.0 | ||
| 008 | 250425s9999 xx 000 0 und d | ||
| 020 | _a03621715 | ||
| 041 | _aeng | ||
| 043 | _amdu | ||
| 082 | _a597.0828 | ||
| 100 | _aGROMAN, DAVID B. | ||
| 245 | 0 | _aHISTOLOGY OF THE STRIPED BASS | |
| 250 | _aS.E | ||
| 260 |
_aEstados Unidos _bAMERICAN FISHERIES SOCIETY _c1982 |
||
| 260 | _aMAYNARD | ||
| 300 | _a116 | ||
| 650 | _aPECES-HISTOLOGIA | ||
| 942 | _c01 | ||
| 010 | _a94635 | ||
| 999 |
_c233728 _d233728 |
||